Tìm hiểu văn hóa Trung Hoa
Giới thiệu tổng quan về Trung Quốc, Tư tưởng và tôn giáo,Lịch sử văn hóa,Lịch sử, văn học, nghệ thuật, Khoa học kỹ thuật,Văn hóa giáo dục.
Đã lưu trong:
| 格式: | 圖書 |
|---|---|
| 語言: | Undetermined |
| 出版: |
Hà Nội
Thanh niên
2019
|
| 主題: | |
| 標簽: |
添加標簽
沒有標簽, 成為第一個標記此記錄!
|
| Thư viện lưu trữ: | Trung tâm Học liệu Trường Đại học Cần Thơ |
|---|
| LEADER | 00770nam a2200205Ia 4500 | ||
|---|---|---|---|
| 001 | CTU_238614 | ||
| 008 | 210402s9999 xx 000 0 und d | ||
| 020 | |c 123000 | ||
| 082 | |a 306.0951 | ||
| 082 | |b T310 | ||
| 245 | 0 | |a Tìm hiểu văn hóa Trung Hoa | |
| 245 | 0 | |c Phạm Khang, Lê Minh (Biên soạn) | |
| 260 | |a Hà Nội | ||
| 260 | |b Thanh niên | ||
| 260 | |c 2019 | ||
| 520 | |a Giới thiệu tổng quan về Trung Quốc, Tư tưởng và tôn giáo,Lịch sử văn hóa,Lịch sử, văn học, nghệ thuật, Khoa học kỹ thuật,Văn hóa giáo dục. | ||
| 650 | |a Văn hóa,Culture | ||
| 650 | |z Trung Quốc,China | ||
| 910 | |b nthai | ||
| 980 | |a Trung tâm Học liệu Trường Đại học Cần Thơ | ||